Optimal Production for More Than One Type of Output

V predloženom dokumente je predpokladaný jeden variabilný vstup produkcie. S touto jednou premennou je možné vyrábať viac typov výrobkov. To znamená, že do výrobnej funkcii vstúpi len jeden premenný vstup, ale v dôsledku toho máme viac druhov výrobkov s rôznym množstvom.

Salvato in:
Dettagli Bibliografici
Autore principale: Grisáková, Nora, 1978-
Altri autori: Kintler, Jakub, 1979-
Natura: Capitolo di libro
Lingua:slovacco
Soggetti:
Tags: Aggiungi Tag
Nessun Tag, puoi essere il primo ad aggiungerne!!

MARC

LEADER 00000naa$a2200000$$$4500
001 0249997
005 20240502074013.2
041 0 |a slo 
044 |a SK 
245 1 0 |a Optimal Production for More Than One Type of Output 
520 |a V predloženom dokumente je predpokladaný jeden variabilný vstup produkcie. S touto jednou premennou je možné vyrábať viac typov výrobkov. To znamená, že do výrobnej funkcii vstúpi len jeden premenný vstup, ale v dôsledku toho máme viac druhov výrobkov s rôznym množstvom. 
610 2 0 |a produkcia 
610 2 0 |a výroba 
610 2 0 |a plán 
610 2 0 |a plán výrobný 
610 2 0 |a plánovanie 
610 2 0 |a plánovanie optimálne 
610 2 0 |a plánovanie podnikové 
100 1 |a Grisáková, Nora, 1978- 
700 1 |a Kintler, Jakub, 1979-